[Event "SM-2012-0-00221"]
[Site "LSS email"]
[Date "2012.10.20"]
[Round "?"]
[White "Gabris, Vladimir"]
[Black "Ederer, Karel"]
[Result "1/2-1/2"]
[WhiteElo "2257"]
[BlackElo "2005"]
[PlyCount "35"]
[EventDate "2012.09.19"]
[EventType "tourn (corr)"]
[EventRounds "6"]
[EventCountry "GER"]
[SourceTitle "Corr 2015"]
[Source "ChessBase"]
[SourceDate "2015.07.17"]
[SourceVersion "1"]
[SourceVersionDate "2015.07.17"]
[SourceQuality "1"]

1. e4 e5 2. Nf3 Nc6 3. Bb5 a6 4. Ba4 Nf6 5. 0-0 Be7 6. Re1 b5 7. Bb3 0-0 8. h3 Bb7 9. d3 d6 10. a3 Qd7 11. Nc3 Rfe8 12. Ne2 d5 13. exd5 Nxd5 14. Ng3 Nd4 15. Nxe5 Qd6 16. Nf3 Nxb3 17. cxb3 c5 18. Nf5 1/2-1/2

[Event "SM-2012-0-00220"]
[Site "LSS email"]
[Date "2012.10.20"]
[Round "?"]
[White "Gabris, Vladimir"]
[Black "Kolanek, Roman"]
[Result "1/2-1/2"]
[WhiteElo "2257"]
[BlackElo "1942"]
[PlyCount "45"]
[EventDate "2012.09.06"]
[EventType "tourn (corr)"]
[EventRounds "6"]
[EventCountry "GER"]
[SourceTitle "Telechess CBM 161"]
[Source "ChessBase"]
[SourceDate "2014.07.16"]
[SourceVersion "1"]
[SourceVersionDate "2014.07.16"]
[SourceQuality "1"]

1. d4 d5 2. c4 e6 3. Nc3 Nf6 4. Bg5 Be7 5. e3 0-0 6. Nf3 h6 7. Bh4 b6 8. Bd3 Bb7 9. 0-0 dxc4 10. Bxc4 a6 11. Qe2 b5 12. Bd3 Nbd7 13. Rad1 Rc8 14. a4 b4 15. Nb1 a5 16. Nbd2 c5 17. Bb5 Qc7 18. Rc1 Ba8 19. Nb3 Qa7 20. Bxd7 Qxd7 21. Bxf6 Bxf6 22. Nxc5 Qa7 23. Qa6 1/2-1/2

[Event "SM-2012-0-00222"]
[Site "LSS email"]
[Date "2012.10.20"]
[Round "?"]
[White "Gabris, Vladimir"]
[Black "Liamtsau, Valery"]
[Result "1/2-1/2"]
[WhiteElo "2257"]
[BlackElo "2184"]
[PlyCount "47"]
[EventDate "2012.09.19"]
[EventType "tourn (corr)"]
[EventRounds "6"]
[EventCountry "GER"]
[SourceTitle "Telechess CBM 161"]
[Source "ChessBase"]
[SourceDate "2014.07.16"]
[SourceVersion "1"]
[SourceVersionDate "2014.07.16"]
[SourceQuality "1"]

1. e4 e6 2. d4 d5 3. Nc3 Nf6 4. e5 Nfd7 5. f4 c5 6. Nf3 cxd4 7. Nxd4 Nc6 8. Be3 Bc5 9. Qd2 a6 10. 0-0-0 Nxd4 11. Bxd4 0-0 12. h4 b5 13. Rh3 b4 14. Na4 Bxd4 15. Qxd4 a5 16. Bb5 Rb8 17. Bd3 Qc7 18. Kb1 Bb7 19. h5 Rfc8 20. Rc1 Bc6 21. Nc5 Nxc5 22. Qxc5 Bb5 23. Qxc7 Rxc7 24. Rf3 1/2-1/2

[Event "SM-2012-0-00221"]
[Site "LSS email"]
[Date "2012.10.20"]
[Round "?"]
[White "Gabris, Vladimir"]
[Black "Szabo, Mihaly"]
[Result "1/2-1/2"]
[WhiteElo "2257"]
[BlackElo "2207"]
[PlyCount "45"]
[EventDate "2012.09.19"]
[EventType "tourn (corr)"]
[EventRounds "6"]
[EventCountry "GER"]
[SourceTitle "Telechess CBM 161"]
[Source "ChessBase"]
[SourceDate "2014.07.16"]
[SourceVersion "1"]
[SourceVersionDate "2014.07.16"]
[SourceQuality "1"]

1. e4 e5 2. Nf3 Nc6 3. Bb5 a6 4. Ba4 b5 5. Bb3 Nf6 6. 0-0 d6 7. Re1 Be7 8. c3 0-0 9. h3 Bb7 10. d4 Re8 11. Nbd2 Bf8 12. d5 Nb8 13. Nf1 Nbd7 14. N3h2 Nc5 15. Bc2 c6 16. b4 Ncd7 17. dxc6 Bxc6 18. Bg5 Qc7 19. Bxf6 Nxf6 20. Ng4 Nxg4 21. hxg4 a5 22. Ne3 Reb8 23. Qf3 1/2-1/2

[Event "SM-2012-0-00222"]
[Site "LSS email"]
[Date "2012.10.20"]
[Round "?"]
[White "Malashenkov, Alexei"]
[Black "Gabris, Vladimir"]
[Result "1-0"]
[WhiteElo "2317"]
[BlackElo "2257"]
[PlyCount "63"]
[EventDate "2012.09.19"]
[EventType "tourn (corr)"]
[EventRounds "6"]
[EventCountry "GER"]
[SourceTitle "Telechess CBM 161"]
[Source "ChessBase"]
[SourceDate "2014.07.16"]
[SourceVersion "1"]
[SourceVersionDate "2014.07.16"]
[SourceQuality "1"]

1. d4 d5 2. c4 c6 3. Nf3 Nf6 4. Nc3 e6 5. Bg5 h6 6. Bh4 dxc4 7. e4 g5 8. Bg3 b5 9. Ne5 Bb7 10. h4 g4 11. Be2 h5 12. 0-0 Nbd7 13. Qc2 Nxe5 14. Bxe5 Bg7 15. Rad1 0-0 16. Bg3 Nd7 17. e5 f5 18. exf6 Qxf6 19. b3 Nb6 20. Qb2 Rad8 21. Ne4 Qg6 22. Nd6 Ba8 23. Qc1 Bh6 24. Qa3 c5 25. bxc4 Nxc4 26. Bxc4 bxc4 27. dxc5 Bd5 28. Rfe1 Bg7 29. Qc1 Bh6 30. Qc3 Bg7 31. Be5 Bf6 32. Qg3 1-0

[Event "SM-2012-0-00222"]
[Site "LSS email"]
[Date "2012.10.20"]
[Round "?"]
[White "Steinke, Ruediger"]
[Black "Gabris, Vladimir"]
[Result "1/2-1/2"]
[WhiteElo "2223"]
[BlackElo "2257"]
[PlyCount "54"]
[EventDate "2012.09.19"]
[EventType "tourn (corr)"]
[EventRounds "6"]
[EventCountry "GER"]
[SourceTitle "Telechess CBM 161"]
[Source "ChessBase"]
[SourceDate "2014.07.16"]
[SourceVersion "1"]
[SourceVersionDate "2014.07.16"]
[SourceQuality "1"]

1. e4 e5 2. Nf3 Nc6 3. Bb5 a6 4. Ba4 Nf6 5. 0-0 Be7 6. Re1 b5 7. Bb3 d6 8. c3 0-0 9. h3 Na5 10. Bc2 c5 11. d4 Nd7 12. Nbd2 exd4 13. cxd4 Nc6 14. d5 Nce5 15. a4 Rb8 16. axb5 axb5 17. Nxe5 Nxe5 18. f4 Ng6 19. Nf3 Bh4 20. Nxh4 Qxh4 21. f5 Ne5 22. Rf1 Bd7 23. Bf4 Ra8 24. Bxe5 dxe5 25. Qd2 c4 26. Kh2 h6 27. Qe3 Qg5 1/2-1/2

[Event "SM-2012-0-00197"]
[Site "LSS email"]
[Date "2012.04.22"]
[Round "?"]
[White "Gabris, Vladimir"]
[Black "Tsygankov, Evgeny Georgievich"]
[Result "1/2-1/2"]
[WhiteElo "2264"]
[BlackElo "2307"]
[PlyCount "78"]
[EventDate "2012.03.16"]
[EventType "tourn (corr)"]
[EventRounds "6"]
[EventCountry "GER"]
[SourceTitle "Telechess CBM 163"]
[Source "ChessBase"]
[SourceDate "2014.11.11"]
[SourceVersion "2"]
[SourceVersionDate "2014.11.11"]
[SourceQuality "1"]

1. e4 e5 2. Nf3 Nc6 3. Bb5 a6 4. Ba4 Nf6 5. 0-0 b5 6. Bb3 Bb7 7. d3 h6 8. Nc3 Bd6 9. a3 0-0 10. Be3 Ng4 11. Bd2 Bc5 12. Nd5 d6 13. Ba2 Ne7 14. Nxe7+ Qxe7 15. b4 Ba7 16. h3 Nf6 17. Nh4 d5 18. exd5 Nxd5 19. Qh5 Qf6 20. Rae1 Rad8 21. Re4 Rfe8 22. Be3 Bb6 23. Bxd5 Rxd5 24. Bxb6 Qxb6 25. Nf5 Qe6 26. Rg4 g6 27. Rg3 Bc8 28. Nxh6+ Kg7 29. Qg5 e4 30. Qc1 exd3 31. cxd3 Qd6 32. Rf3 f5 33. g4 Rxd3 34. Rxd3 Qxd3 35. Rd1 Qf3 36. Nxf5+ gxf5 37. Qg5+ Kf7 38. Qh5+ Kg7 39. Qg5+ Kf7 1/2-1/2

[Event "SM-2012-0-00191"]
[Site "LSS email"]
[Date "2012.02.29"]
[Round "?"]
[White "Gabris, Vladimir"]
[Black "Meissner, Ruediger"]
[Result "1/2-1/2"]
[WhiteElo "2307"]
[BlackElo "2069"]
[PlyCount "127"]
[EventDate "2012.01.22"]
[EventType "tourn (corr)"]
[EventRounds "6"]
[EventCountry "GER"]
[SourceTitle "Telechess CBM 165"]
[Source "ChessBase"]
[SourceDate "2015.03.11"]
[SourceVersion "1"]
[SourceVersionDate "2015.03.11"]
[SourceQuality "1"]

1. e4 c6 2. d4 d5 3. e5 c5 4. dxc5 Nc6 5. Bb5 e6 6. Be3 Nge7 7. c3 Bd7 8. Bxc6 Bxc6 9. Nf3 Nf5 10. Bd4 Be7 11. 0-0 0-0 12. Nbd2 Qc7 13. Re1 Bd7 14. Qe2 Rfc8 15. b4 b6 16. Nb3 Ba4 17. g4 Nh4 18. Nxh4 Bxh4 19. Qf1 Qd8 20. Re3 Be7 21. Rh3 h6 22. Qc1 Bxb3 23. cxb6 axb6 24. axb3 Bg5 25. Qd1 Rxa1 26. Qxa1 Ra8 27. Qd1 Ra2 28. Rd3 b5 29. Kg2 Bf4 30. Qf3 g5 31. Rd1 Qa8 32. Qd3 Qb8 33. Re1 Kg7 34. Qf3 Qh8 35. h4 Qh7 36. Be3 Bxe3 37. Qf6+ Kg8 38. Qd8+ Kg7 39. Rxe3 gxh4 40. Qf6+ Kg8 41. Rf3 Qg6 42. Qxg6+ fxg6 43. Rf6 g5 44. Rxe6 Rc2 45. Rxh6 Rxc3 46. Rd6 Rd3 47. Rf6 Rd4 48. Rg6+ Kf7 49. Rxg5 Ke6 50. Kh3 Rf4 51. Rg8 Rxf2 52. Re8+ Kd7 53. Rb8 Ke6 54. Re8+ Kd7 55. Rb8 Ke6 56. g5 Rf1 57. Re8+ Kd7 58. Rb8 Ke6 59. Kxh4 d4 60. Re8+ Kd7 61. Ra8 Ke6 62. Kg4 Kxe5 63. Re8+ Kd5 64. g6 1/2-1/2